000 05499nam a22002777a 4500
003 NALT
005 20260211085317.0
008 251224b th ||||| |||| 00| 0 tha d
040 _aNALT
086 _aสว 09 7.3 627.2
110 2 2 _aสำนักงานเลขาธิการวุฒิสภา.
_bสำนักกรรมาธิการ 1
_92441
245 1 0 _aรายงานการพิจารณาศึกษาผลกระทบจากการถมทะเลตามโครงการพัฒนาท่าเรืออุตสาหกรรมมาบตาพุด โดยคณะอนุกรรมาธิการด้านการคมนาคมทางน้ำและการพาณิชนาวี ในคณะกรรมาธิการการคมนาคม วุฒิสภา /
_cสำนักกรรมาธิการ 1 สำนักงานเลขาธิการวุฒิสภา.
260 _aกรุงเทพฯ :
_bสำนักกรรมาธิการ 1 สำนักงานเลขาธิการวุฒิสภา,
_cม.ป.ป.
300 _a131 หน้า :
_bภาพประกอบ, แผนที่ ;
_c29 ซม.
505 2 _aบทที่ 1 บทนำ -- 1.1 ความเป็นมาและเหตุผลในการศึกษา -- 1.2 วัตถุประสงค์ของการศึกษา -- 1.3 ขอบเขตของการพิจารณา -- 1.4 นิยามศัพท์เฉพาะ -- 1.5 ประโยชน์ที่คาดว่าจะได้รับ -- บทที่ 2 เอกสารและงานวิจัยที่เกี่ยวข้อง -- 2.1 กฎหมายที่เกี่ยวข้องกับเขตทางทะเล -- 2.2 กฎหมายที่เกี่ยวข้องกับการถมทะเลและสิ่งแวดล้อมทางทะเล -- 2.3 กรณีศึกษาและงานวิชาการที่เกี่ยวข้องกับการเปลี่ยนแปลงเส้นเขตทะเลและสิ่งแวดล้อมทางทะเล -- 2.4 คำวินิจฉัยศาลรัฐธรรมนูญเกี่ยวกับของเขตความหมายของหนังสือสัญญาตามรัฐธรรมนูญ -- 2.5 การใช้แบบจำลองกายภาพ (Physical mode) ในการวิเคราะห์ผลกระทบต่อสิ่งแวดล้อมจากการก่อสร้างเขื่อนกันคลื่น ท่าเทียบเรือ และการถมทะเล -- บทที่ 3 วิธีการและการดำเนินการพิจารณาศึกษา -- 3.1 รูปแบบศึกษา -- 3.2 การกำหนดผู้ให้ข้อมูลสำคัญ (Key informants) -- 3.3 วิธีการเก็บรวบรวมข้อมูล -- 3.4 วิธีการวิเคราะห์ข้อมูล -- บทที่ 4 ผลการพิจารณาศึกษา -- 4.1 สถานะการดำเนินการโครงการพัฒนาท่าเรืออุตสาหกรรมมาบตาพุด ระยะที่ 3 -- 4.2 ผลกระทบต่ออาณาเขตทางทะเลไทย -- 4.3 ความเป็นหนังสือสัญญาที่มีบทเปลี่ยนแปลงอาณาเขตไทยตามรัฐธรรมนูญ แห่งราชอาณาจักรไทย พ.ศ.2560 มาตรา 178 -- 4.4 ผลกระทบต่อการกัดเซาะชายฝั่งทะเลและแนวทางการแก้ไขปัญหา -- บทที่ 5 บทสรุปและข้อเสนอแนะ -- 5.1 สรุปผลการพิจารณาศึกษา -- 5.2 ข้อเสนอแนะ.
610 2 4 _aคณะอนุกรรมาธิการด้านการคมนาคมทางน้ำและการพาณิชนาวี ในคณะกรรมาธิการการคมนาคม วุฒิสภา
_xรายงาน
_967384
610 2 4 _aนิคมอุตสาหกรรมมาบตาพุด
_xผลกระทบจากการถมทะเล
_967386
650 4 _aนิคมอุตสาหกรรม
_967388
653 4 _aท่าเรืออุตสาหกรรมมาบตาพุด
710 2 _aคณะอนุกรรมาธิการด้านการคมนาคมทางน้ำและการพาณิชนาวี ในคณะกรรมาธิการการคมนาคม วุฒิสภา
_967383
856 4 0 _uhttps://prt.parliament.go.th/items/2ea449b4-33cf-4530-ab8e-6053bb105a44
942 _cPAR
_2local
996 _anapasorn.k
_bLIBSTF
_c2025-12-24
996 _ajamriang.p
_bCATSTF
_c2026-02-10
999 _c107610
_d107610
998 _j1020
_k นางจำเรียง ระวังสำโรง